| 000 | 00901cab a2200229 4500 | ||
|---|---|---|---|
| 001 | WB3101-10 | ||
| 008 | 090401t1994 xxu||||| |||| 00| 0 eng d | ||
| 035 | _a(Sirsi) u61374 | ||
| 041 | _aeng | ||
| 245 | _aFall of Broadgate property company | ||
| 260 | _c1994 | ||
| 350 | _a0 | ||
| 490 |
_aFinancial Times _v23 December 1994, 19 |
||
| 490 |
_aDaily Telegraph _v20 December 1994, 23 |
||
| 520 | _aTraces the rise and fall of property company Stanhope which is on the brink of receivership. Stanhope Properties` shares were suspended after the banks withdrew credit facilities on 23 December 1994. Subsidiary, Stanhope Cambridge has been sold to Alfred McAlpine for £4.8m. Rescue bids are still under discussion. | ||
| 650 | _aPROPERTY COMPANIES | ||
| 650 | _aRECEIVERSHIP | ||
| 650 | _aSTANHOPE PROPERTIES | ||
| 690 | _aPROPERTY-COMMERCIAL PROPERTY | ||
| 942 | _n0 | ||
| 948 | _c04/03/1997 | ||
| 999 |
_c38009 _d38009 |
||